| 000 | 00362 a2200157 4500 | ||
|---|---|---|---|
| 001 | 47502 | ||
| 020 | _a9788568651209 | ||
| 040 | _cAnchieta - Aquarius | ||
| 100 | _aImmisch, Nathalia | ||
| 240 | 1 | 0 |
_aAchado não é roubado? _lpor |
| 245 | 1 | 0 | _aAchado não é roubado? |
| 300 | _a44p. | ||
| 362 | 0 | _a2017 | |
| 650 | 4 | _aLiteratura infanto-juvenil | |
| 942 | _cBK | ||
| 999 |
_c47502 _d47502 |
||